00886nam a2200241 a 4500001001000000003000500010005001700015008004100032010001100073011001100084040000900095100004400104245016000148260004100308500006000349502008100409650001400490650001500504650001700519650002000536650001800556856007000574000112379CHAP20220329144301.0160308s2016 mx a fsm |||||||spa d a108840 a109812 cCHAP1 aRodríguez Delgado, Josefina Elizabeth10aDistribución vertical de insectos escama (Sternorrhyncha: Coccoidea) en follaje de Yucca spp /h[En línea]cpor Josefina Elizabeth Rodríguez Delgado. aChapingo, Méx. :bEl autor,c2016. aPara ver el contenido del material haga clic en la liga aTesis (Ing. en Recursos Naturales Rnovables) -- UACH. Departamento de Suelos14aCoccidae.14aCocoideos.14aDiaspididae.14aPseudococcidae.14aYucaxPlagas. aFinding aiduhttp://10.13.5.2/tesis/sist112379.pdfzTeclea aquí